Guide to operating systems (Record no. 115826)

MARC details
000 -LEADER
fixed length control field 00382nam a2200157Ia 4500
008 - FIXED-LENGTH DATA ELEMENTS--GENERAL INFORMATION
fixed length control field 230917s9999||||xx |||||||||||||| ||und||
040 ## - CATALOGING SOURCE
-- 87772
Original cataloging agency VIVEKANANDA LIBRARY
041 ## - Language
-- English
082 ## - DDC NUMBER
Classification number 005.43 P183G
100 ## - MAIN ENTRY--PERSONAL NAME
Personal name Palmer, Michael
245 #0 - TITLE STATEMENT
Title Guide to operating systems
250 ## - EDITION STATEMENT
Edition statement 2nd ed.
260 ## - PUBLICATION, DISTRIBUTION, ETC. (IMPRINT)
Place of publication, distribution, etc Singapore
Name of publisher, distributor, etc Thomson Learning
Date of publication, distribution, etc 2002
300 ## - PHYSICAL DESCRIPTION
Pages 608 p.
942 ## - ADDED ENTRY ELEMENTS (KOHA)
Koha item type Books
Holdings
Withdrawn status Lost status Damaged status Not for loan Location (home branch) Sublocation or collection (holding branch) Date acquired Koha issues (times borrowed) Koha full call number Accession No. Koha date last seen Koha item type Shelving location
        VIVEKANANDA LIBRARY VIVEKANANDA LIBRARY 18/04/2003   005.43 P183G 206175 17/09/2023 Books  
        VIVEKANANDA LIBRARY VIVEKANANDA LIBRARY 18/04/2003   005.43 P183G 208349 17/09/2023 Books UIET Library
© Designed and Maintained by Vivekananda Library, MDU Rohtak